किसान आंदोलन: (Record no. 202333)

MARC details
000 -LEADER
fixed length control field 00803nam a22001937a 4500
005 - DATE AND TIME OF LATEST TRANSACTION
control field 20240506150126.0
010 ## - LCCN (DPL NO)
LC control number HIN-127480
020 ## - INTERNATIONAL STANDARD BOOK NUMBER
International Standard Book Number 9789350027813
Terms of availability 350.00
035 ## - SYSTEM CONTROL NUMBER
System control number HN-99826
037 ## - SOURCE OF ACQUISITION
Source of stock number/acquisition DBAD
082 ## - DEWEY DECIMAL CLASSIFICATION NUMBER
Classification number 338.1
100 ## - MAIN ENTRY--PERSONAL NAME
Personal name भादुडी, अमित
245 ## - TITLE STATEMENT
Title किसान आंदोलन:
Statement of responsibility, etc बदलाव की राजनीति का उभरता चेहरा/
Remainder of title अमित भादुडी
250 ## - EDITION STATEMENT
Edition statement प्रथम
260 ## - PUBLICATION, DISTRIBUTION, ETC. (IMPRINT)
Place of publication, distribution, etc दिल्ली
Name of publisher, distributor, etc आकार बुक्स
Date of publication, distribution, etc 2022
270 ## - ADDRESS
Address 28 ई, पॉकेट IV, मयूर विहार फेज़ I
City दिल्ली
Postal code 110091
300 ## - PHYSICAL DESCRIPTION
Extent 120पृ.
Dimensions 22सेमी(सजिल्द)
942 ## - ADDED ENTRY ELEMENTS (KOHA)
Source of classification or shelving scheme Dewey Decimal Classification
Item type Hindi Books
Classification part 338.1
Call number suffix भादुडी
Holdings
Withdrawn status Lost status Not for loan Collection code Home library Current library Date acquired Source of acquisition Cost, normal purchase price Full call number Barcode Copy number Cost, replacement price Koha item type
      Non-fiction Ashok Vihar Ashok Vihar 30/04/2024 DBAD 350.00 338.1 भादुडी HN-99826 1 350.00 Hindi Books

© Delhi Public Library
Hit Counter
free hit counter